| 000 | 00698nam a22001935i 4500 | ||
|---|---|---|---|
| 001 | 167790 | ||
| 003 | ES-MaACL | ||
| 005 | 20250717063051.0 | ||
| 008 | 980311q18551898fr |||| | fre d | ||
| 040 |
_aAS _bspa _cAS |
||
| 100 | 0 |
_aVoltaire, _d1694-1778 _9115721 |
|
| 245 | 1 | 0 |
_aRomans de Voltaire _b: Suivis de ses contes en vers. |
| 250 |
_aNouvelle edition _b: Revue avec soin sur les meilleurs textes. |
||
| 260 |
_aParis : _bGarnier Frères, Librairies, _c[s.a.] ( _fImp. P.-A. Bourdier et Cie.) |
||
| 300 |
_a572 p. ; _c18 cm. |
||
| 596 | 1 | _aGarnier Fréres ejercieron la profesión entre 1855 y 1898. | |
| 852 |
_aES-MaACL _jD-3175 _z-- Enc. hol. |
||
| 999 |
_c167790 _d167790 |
||